Mr. Monopoly's amusement park: (Record no. 306396)
[ view plain ]
| 000 -LEADER | |
|---|---|
| fixed length control field | 00623nam a2200241Ia 4500 |
| 008 - FIXED-LENGTH DATA ELEMENTS--GENERAL INFORMATION | |
| fixed length control field | 170203s9999 xx 000 0 und d |
| 020 ## - INTERNATIONAL STANDARD BOOK NUMBER | |
| International Standard Book Number | 0-439317924 |
| 050 ## - LIBRARY OF CONGRESS CALL NUMBER | |
| Classification number | FIc |
| 050 ## - LIBRARY OF CONGRESS CALL NUMBER | |
| Item number | G549m |
| 100 ## - MAIN ENTRY--PERSONAL NAME | |
| Personal name | Glassman, Jackie. |
| 245 ## - TITLE STATEMENT | |
| Title | Mr. Monopoly's amusement park: |
| 245 ## - TITLE STATEMENT | |
| Remainder of title | a math adventure / |
| 245 ## - TITLE STATEMENT | |
| Statement of responsibility, etc | by Jackie Glassman ; illustrated by Jim Talbot. |
| 260 ## - PUBLICATION, DISTRIBUTION, ETC. (IMPRINT) | |
| Place of publication, distribution, etc | New York : |
| 260 ## - PUBLICATION, DISTRIBUTION, ETC. (IMPRINT) | |
| Name of publisher, distributor, etc | Scholastic Inc., |
| 260 ## - PUBLICATION, DISTRIBUTION, ETC. (IMPRINT) | |
| Date of publication, distribution, etc | 2001 |
| 300 ## - PHYSICAL DESCRIPTION | |
| Extent | 32 pages : |
| 300 ## - PHYSICAL DESCRIPTION | |
| Other physical details | color illustrations ; |
| 300 ## - PHYSICAL DESCRIPTION | |
| Dimensions | 23 cm. |
| 440 ## - SERIES STATEMENT/ADDED ENTRY--TITLE | |
| Title | My first games readers. |
| 650 ## - SUBJECT ADDED ENTRY--TOPICAL TERM | |
| Topical term or geographic name as entry element | Counting. |
| 650 ## - SUBJECT ADDED ENTRY--TOPICAL TERM | |
| Topical term or geographic name as entry element | Money. |
| Withdrawn status | Lost status | Damaged status | Home library | Current library | Shelving location | Date acquired | Total Checkouts | Full call number | Barcode | Date last seen | Price effective from | Koha item type |
|---|---|---|---|---|---|---|---|---|---|---|---|---|
| Stonyhurst Southville International School (Batangas) | Stonyhurst Southville International School (Batangas) | 02/03/2017 | Fic .G4549m 2001 | LS-0096 | 02/03/2017 | 02/03/2017 | Books |